| 000 | 00442nab a2200145Ia 4500 | ||
|---|---|---|---|
| 003 | ES-SlBCS | ||
| 005 | 20210601133911.0 | ||
| 008 | 140529s1992 xxu||||| |||| 00| 0 por d | ||
| 041 | _apor | ||
| 100 | 1 |
_aMiranda, M. G. _9210928 |
|
| 245 | 0 | 0 |
_aFenomenologia e metafísica em Delfim Santos _c M. G. Miranda |
| 600 | 1 | 4 |
_aSantos, Delfín _9210585 |
| 773 | 0 |
_tRevista Portuguesa de Filosofia _gvol. 48, 1992, págs. 297-320 _wRev379 |
|
| 942 | _cAR | ||
| 999 |
_c603928 _d603928 |
||